|
|
|
|
| LEADER |
01191nam a2200349 a 4500 |
| 001 |
000123581 |
| 003 |
CZ BrMZK |
| 005 |
20081222101349.0 |
| 007 |
ta |
| 008 |
010907s1996 xr e p cze d |
| 015 |
|
|
|a cnb000184892
|
| 020 |
|
|
|a 80-85981-32-7
|
| 040 |
|
|
|a BOA001
|b cze
|
| 043 |
|
|
|a e-xr---
|
| 080 |
|
|
|a 351.75
|2 MRF
|
| 080 |
|
|
|a 351.74
|2 MRF
|
| 080 |
|
|
|a (437.3)
|2 MRF
|
| 080 |
|
|
|a (075.8)
|2 MRF
|
| 245 |
0 |
0 |
|a Pořádková činnost policie :
|b (zvláštní část) /
|c Pavel Macek a kol
|
| 250 |
|
|
|a Vyd. 1.
|
| 260 |
|
|
|a Praha :
|b Policejní akademie ČR,
|c 1996
|
| 300 |
|
|
|a 115 s. ;
|c 29 cm
|
| 500 |
|
|
|a Určeno pro stud. PA ČR
|
| 610 |
1 |
7 |
|a Česko.
|b Policie
|7 ko2002159737
|2 czenas
|
| 650 |
0 |
7 |
|a veřejný pořádek
|7 ph127088
|z Česko
|2 czenas
|
| 650 |
0 |
7 |
|a policie
|7 ph124228
|z Česko
|2 czenas
|
| 655 |
|
7 |
|a učebnice vysokých škol
|7 fd133772
|2 czenas
|
| 700 |
1 |
|
|a Macek, Pavel,
|d 1949-
|7 mzk2004234117
|4 aut
|
| 710 |
2 |
|
|a Policejní akademie České republiky.
|b Katedra bezpečnostních služeb
|7 ko2002159766
|
| 910 |
|
|
|a BOA001
|b 4-1028.390
|
| 990 |
|
|
|a BK
|
| 996 |
7 |
|
|b 2610046327
|c 4-1028.390
|l MZK
|r Sklad / do 1 hodiny
|n 21
|p p.v.
|w 000123581
|u 000010
|a 1
|e BOA001
|j MZK50
|s A
|